[Event "Bergen Chess International"]
[Site "Bergen NOR"]
[Date "2001.08.04"]
[EventDate "2001.08.04"]
[Round "1"]
[Result "1/2-1/2"]
[White "Jan Vidar Vestly"]
[Black "Pontus Carlsson"]
[WhiteElo "2109"]
[BlackElo "2330"]
[PlyCount "30"]

1. d4 e6 2. Nf3 c5 3. c3 d5 4. Bf4 Qb6 5. Qb3 Nf6 6. e3 Bd7
7. Nbd2 Be7 8. Bd3 c4 9. Qxb6 axb6 10. Bc2 b5 11. a3 b4
12. cxb4 Bxb4 13. Bxb8 Bxd2+ 14. Kxd2 Rxb8 15. Ne5 Ke7 1/2-1/2

[Event "Bergen Chess International"]
[Site "Bergen NOR"]
[Date "2001.08.04"]
[EventDate "2001.08.04"]
[Round "1"]
[Result "1-0"]
[White "Lars Schandorff"]
[Black "Andreas G R Moen"]
[WhiteElo "2551"]
[BlackElo "2218"]
[PlyCount "128"]

1. Nf3 Nf6 2. c4 e6 3. Nc3 Bb4 4. Qc2 c5 5. a3 Ba5 6. Nb5 O-O
7. Nd6 Nc6 8. g3 Qe7 9. Nxc8 Raxc8 10. Bg2 d5 11. O-O dxc4
12. Qxc4 Bb6 13. d3 Na5 14. Qa4 c4 15. Bd2 Qe8 16. Qxe8 Rfxe8
17. Bxa5 Bxa5 18. dxc4 Rxc4 19. b4 Bb6 20. Ne5 Rc2 21. e3 Nd5
22. Bxd5 exd5 23. Nd7 Rd8 24. Nxb6 axb6 25. Rfd1 Kf8 26. Rd3
Rc7 27. Rad1 Rcd7 28. e4 Ke7 29. exd5 Kd6 30. Re1 Re7 31. Rxe7
Kxe7 32. Kg2 Kd6 33. Kf3 Re8 34. h4 Re5 35. Rc3 Kd7 36. d6
Kxd6 37. Rc8 Re7 38. Kf4 Ke6 39. g4 h6 40. Rg8 Kf6 41. g5+ Kg6
42. h5+ Kxh5 43. Rxg7 hxg5+ 44. Rxg5+ Kh6 45. Rd5 Kg7 46. Rd6
Re2 47. f3 Ra2 48. Rxb6 Rxa3 49. Rxb7 Rb3 50. Kg4 Kf6 51. f4
Kg6 52. f5+ Kh6 53. Rb6+ Kg7 54. Kf4 f6 55. Ke4 Rb1 56. Kd4
Rf1 57. Rb5 Rf4+ 58. Kc3 Kf7 59. Rd5 Ke7 60. b5 Rh4 61. b6 Rg4
62. b7 Rg8 63. Rb5 Rb8 64. Kd4 Kd6 1-0

[Event "Bergen Chess International"]
[Site "Bergen NOR"]
[Date "2001.08.04"]
[EventDate "2001.08.04"]
[Round "1"]
[Result "1/2-1/2"]
[White "Flemming Christenson"]
[Black "Nikola Mitkov"]
[WhiteElo "2218"]
[BlackElo "2547"]
[PlyCount "127"]

1. d4 Nf6 2. Nf3 d5 3. e3 c6 4. c4 a6 5. Bd3 Bg4 6. Nbd2 Nbd7
7. Qc2 e6 8. b3 Bd6 9. Bb2 Qb8 10. h3 Bh5 11. O-O O-O 12. c5
Bc7 13. Qc3 Bg6 14. Bxg6 hxg6 15. Ne5 Nxe5 16. dxe5 Nd7 17. f4
b6 18. cxb6 Bxb6 19. Kh1 Rc8 20. e4 Bc5 21. Qg3 Re8 22. Rac1
Qb4 23. Bc3 Qb6 24. f5 Nf8 25. f6 Ra7 26. Rce1 Nh7 27. Nf3 Be3
28. Bd2 Bxd2 29. Nxd2 Qb4 30. Re2 Rd7 31. exd5 cxd5 32. fxg7
Rc8 33. Nf3 Rc3 34. Qf2 Qc5 35. Qh4 Kxg7 36. Ng5 Nxg5 37. Qxg5
Qe7 38. Rf6 Rc8 39. h4 Rh8 40. Qf4 d4 41. Rd2 d3 42. g3 Rh5
43. Rf2 Kg8 44. Kh2 a5 45. a3 Rh7 46. b4 axb4 47. axb4 Qd8
48. Rd2 Rh5 49. Rf2 Rd4 50. Qd2 Rf5 51. R6xf5 exf5 52. h5 Kg7
53. hxg6 fxg6 54. Rf3 Qd5 55. Re3 Kf7 56. e6+ Ke7 57. b5 f4
58. gxf4 Rxf4 59. Rxd3 Qe5 60. Kg2 Qe4+ 61. Kh2 Qe5 62. Rg3
Kxe6 63. Rxg6+ Ke7 64. Rg3 1/2-1/2

[Event "Bergen Chess International"]
[Site "Bergen NOR"]
[Date "2001.08.04"]
[EventDate "2001.08.04"]
[Round "1"]
[Result "0-1"]
[White "Magne Sagafos"]
[Black "Einar J Gausel"]
[WhiteElo "2208"]
[BlackElo "2520"]
[PlyCount "48"]

1. e4 Nc6 2. d4 e5 3. Nf3 exd4 4. Bc4 Nf6 5. e5 Ng4 6. Qe2 Qe7
7. Bf4 f6 8. exf6 gxf6 9. Bxc7 Qxe2+ 10. Kxe2 Nge5 11. Bxe5
fxe5 12. c3 Bg7 13. Nbd2 dxc3 14. bxc3 Ne7 15. Ne4 d5 16. Bb5+
Nc6 17. Nc5 O-O 18. Ng5 Rf6 19. Rad1 h6 20. Nh3 Ne7 21. f3
Bxh3 22. gxh3 Rc8 23. Nd7 Rg6 24. Rc1 a6 0-1

[Event "Bergen Chess International"]
[Site "Bergen NOR"]
[Date "2001.08.04"]
[EventDate "2001.08.04"]
[Round "1"]
[Result "1-0"]
[White "Artur Mikhailovich Kogan"]
[Black "Per Ofstad"]
[WhiteElo "2517"]
[BlackElo "2205"]
[PlyCount "77"]

1. d4 d5 2. c4 c6 3. Nc3 Nf6 4. Nf3 e6 5. Bg5 dxc4 6. a4 Bb4
7. Qc2 Nbd7 8. e4 Qa5 9. Bd2 e5 10. Bxc4 exd4 11. Nxd4 Qc5
12. Bxf7+ Kxf7 13. Qb3+ Nd5 14. exd5 cxd5 15. Qxd5+ Qxd5
16. Nxd5 Bxd2+ 17. Kxd2 Nf6 18. Nxf6 Kxf6 19. Rhc1 Rd8 20. Ke3
Re8+ 21. Kf3 Ke5 22. Nb5 Bd7 23. Re1+ Kf6 24. Rxe8 Bxe8
25. Nd4 Rd8 26. Ke3 g5 27. a5 a6 28. Rc1 Rd5 29. b4 Rd7
30. Rc5 Bg6 31. g3 Re7+ 32. Kd2 h6 33. Rd5 Be4 34. Rd8 Kg7
35. f3 Bg6 36. Rd6 Kf7 37. Nb3 Rc7 38. Nc5 Bf5 39. Rb6 1-0

[Event "Bergen Chess International"]
[Site "Bergen NOR"]
[Date "2001.08.04"]
[EventDate "2001.08.04"]
[Round "1"]
[Result "1-0"]
[White "Emanuel Berg"]
[Black "Hallvard Voll Adnoy"]
[WhiteElo "2496"]
[BlackElo "2197"]
[PlyCount "41"]

1. e4 e5 2. Nf3 d6 3. Nc3 Nf6 4. h3 Be7 5. g3 O-O 6. Bg2 c6
7. O-O Re8 8. d3 Nbd7 9. a4 b6 10. Nh4 Bb7 11. f4 Bf8 12. Nf5
Qc7 13. g4 Nc5 14. fxe5 dxe5 15. Nh6+ gxh6 16. Rxf6 Bg7
17. Rf2 Qe7 18. Be3 Ne6 19. Qd2 Qh4 20. Raf1 f6 21. Rf5 1-0

[Event "Bergen Chess International"]
[Site "Bergen NOR"]
[Date "2001.08.04"]
[EventDate "2001.08.04"]
[Round "1"]
[Result "1-0"]
[White "Rune Djurhuus"]
[Black "Hans Krogh Harestad"]
[WhiteElo "2474"]
[BlackElo "2196"]
[PlyCount "91"]

1. e4 e5 2. Nf3 Nc6 3. Bb5 a6 4. Bxc6 dxc6 5. O-O Bg4 6. h3
Bxf3 7. Qxf3 Nf6 8. d3 Qd7 9. Bg5 Be7 10. Nd2 O-O-O 11. Nc4
Qe6 12. Qf5 Qxf5 13. exf5 Bd6 14. Bxf6 gxf6 15. Nd2 Be7
16. Ne4 Rd4 17. Rae1 Rb4 18. b3 Rd4 19. Re3 Rg8 20. Kh2 b5
21. Rg3 Rdd8 22. Re1 Kb7 23. Ree3 c5 24. Rxg8 Rxg8 25. Rg3
Rxg3 26. Kxg3 Kc6 27. c4 Kd7 28. Kg4 bxc4 29. dxc4 Ke8 30. Kh5
Kf8 31. Kh6 Kg8 32. g4 Bf8+ 33. Kh5 Be7 34. g5 fxg5 35. f6 Bd6
36. Kxg5 Kf8 37. h4 Kg8 38. h5 Kf8 39. Kf5 Ke8 40. Ng5 h6
41. Ne4 Kd7 42. f3 Kc6 43. Nf2 Bf8 44. Ng4 Kd7 45. Nxe5+ Ke8
46. Ke4 1-0

[Event "Bergen Chess International"]
[Site "Bergen NOR"]
[Date "2001.08.04"]
[EventDate "2001.08.04"]
[Round "1"]
[Result "1/2-1/2"]
[White "Throstur Thorhallsson"]
[Black "Philip Landgren"]
[WhiteElo "2456"]
[BlackElo "2193"]
[PlyCount "45"]

1. e4 e5 2. Nf3 Nc6 3. d4 exd4 4. Nxd4 Nf6 5. Nxc6 bxc6 6. e5
Qe7 7. Qe2 Nd5 8. c4 Ba6 9. b3 g5 10. Qe4 Bg7 11. Bb2 Nf4
12. Nd2 Ng6 13. O-O-O Bxe5 14. Bxe5 Qxe5 15. h4 Qxe4 16. Nxe4
gxh4 17. Nf6+ Ke7 18. Nxd7 Rad8 19. Nc5 Rxd1+ 20. Kxd1 Bc8
21. Be2 Rd8+ 22. Kc2 Rg8 23. Kd2 1/2-1/2

[Event "Bergen Chess International"]
[Site "Bergen NOR"]
[Date "2001.08.04"]
[EventDate "2001.08.04"]
[Round "1"]
[Result "1/2-1/2"]
[White "Dennis Wallin"]
[Black "Steffen Pedersen"]
[WhiteElo "2192"]
[BlackElo "2453"]
[PlyCount "45"]

1. d4 Nf6 2. c4 c5 3. d5 b5 4. cxb5 a6 5. b6 Qxb6 6. Nc3 d6
7. e4 g6 8. Nf3 Bg7 9. Be2 O-O 10. O-O Nbd7 11. Nd2 Qc7 12. a4
Rb8 13. a5 Rb4 14. Nc4 Ne5 15. Nxe5 dxe5 16. Qc2 Ne8 17. f3
Nd6 18. Na4 f5 19. Bd2 Rd4 20. Be3 c4 21. Nb6 fxe4 22. Bxd4
exf3 23. Nxc8 1/2-1/2

[Event "Bergen Chess International"]
[Site "Bergen NOR"]
[Date "2001.08.04"]
[EventDate "2001.08.04"]
[Round "1"]
[Result "0-1"]
[White "Berge Ostenstad"]
[Black "Tatjana Georgieva Plachkinova"]
[WhiteElo "2439"]
[BlackElo "2190"]
[PlyCount "78"]

1. c4 e5 2. g3 Nc6 3. Bg2 f5 4. Nc3 Nf6 5. e3 g6 6. d3 Bg7
7. Nge2 O-O 8. Rb1 a5 9. a3 d6 10. O-O Be6 11. Nd5 g5 12. f4
exf4 13. gxf4 g4 14. b4 axb4 15. axb4 Rb8 16. b5 Ne7 17. Qb3
Qd7 18. Nd4 Nfxd5 19. Nxe6 Qxe6 20. cxd5 Qf7 21. b6 cxb6
22. Ba3 Rfd8 23. Rbc1 Ng6 24. Qxb6 Nh4 25. Rc7 Qh5 26. Rxg7+
Kxg7 27. Bxd6 Nf3+ 28. Bxf3 gxf3 29. Be5+ Kf8 30. Qf6+ Ke8
31. Qh8+ Kf7 32. Qg7+ Ke8 33. Qg8+ Ke7 34. Qg7+ Ke8 35. Bxb8
Rxb8 36. Qe5+ Kf7 37. Qe6+ Kf8 38. Qf6+ Ke8 39. Qh8+ Kf7 0-1

[Event "Bergen Chess International"]
[Site "Bergen NOR"]
[Date "2001.08.04"]
[EventDate "2001.08.04"]
[Round "1"]
[Result "1-0"]
[White "Aleksei Holmsten"]
[Black "Fredrik Andersson"]
[WhiteElo "2436"]
[BlackElo "2173"]
[PlyCount "67"]

1. e4 e5 2. Nf3 Nc6 3. Bb5 a6 4. Ba4 Nf6 5. O-O Be7 6. Re1 b5
7. Bb3 d6 8. c3 O-O 9. h3 Na5 10. Bc2 c5 11. d4 Qc7 12. Nbd2
cxd4 13. cxd4 Nc6 14. Nf1 exd4 15. Bf4 Nd7 16. Rc1 Nde5
17. Nxd4 Nxd4 18. Qxd4 Qa7 19. Qd1 Be6 20. b3 Rac8 21. Ne3
Rfd8 22. Nd5 Bxd5 23. Qxd5 Bf6 24. b4 Ng6 25. Be3 Qe7 26. Bb3
Bc3 27. Rxc3 Rxc3 28. Bg5 Qd7 29. Bxd8 Qxd8 30. Qxf7+ Kh8
31. Rd1 Ne5 32. Qd5 h6 33. Qxe5 Rc1 34. Qd5 1-0

[Event "Bergen Chess International"]
[Site "Bergen NOR"]
[Date "2001.08.04"]
[EventDate "2001.08.04"]
[Round "1"]
[Result "1/2-1/2"]
[White "Detlef Pluemer"]
[Black "Olli Salmensuu"]
[WhiteElo "2168"]
[BlackElo "2431"]
[PlyCount "88"]

1. d4 Nf6 2. c4 c5 3. d5 b5 4. cxb5 a6 5. b6 e6 6. Nc3 Bb7
7. e4 exd5 8. exd5 d6 9. a4 a5 10. Nf3 Be7 11. Bb5+ Nbd7
12. Bg5 O-O 13. Bxf6 Bxf6 14. O-O Nxb6 15. Ra3 Ra7 16. Bc6
Bxc6 17. dxc6 Rc7 18. Rb3 Rxc6 19. Rb5 Qa8 20. Qb3 c4 21. Qc2
Bxc3 22. bxc3 Nd7 23. Qf5 Nc5 24. Ng5 g6 25. Qd5 Nxa4 26. Ne4
Nc5 27. Nf6+ Kg7 28. Qd4 Ne6 29. Ne8+ Kg8 30. Nf6+ Kg7
31. Ne8+ Kg8 32. Nf6+ Kh8 33. Qh4 Kg7 34. Nh5+ gxh5 35. Rg5+
Kh8 36. Rxh5 Ng5 37. Qxg5 f6 38. Rxh7+ Kxh7 39. Qh5+ Kg7
40. Qg4+ Kh8 41. Qh5+ Kg7 42. Qg4+ Kf7 43. Qd7+ Kg6 44. Qg4+
Kh6 1/2-1/2

[Event "Bergen Chess International"]
[Site "Bergen NOR"]
[Date "2001.08.04"]
[EventDate "2001.08.04"]
[Round "1"]
[Result "0-1"]
[White "Bjorn Haveland"]
[Black "Roy Harald Fyllingen"]
[WhiteElo "2145"]
[BlackElo "2389"]
[PlyCount "94"]

1. d4 Nf6 2. c4 e6 3. Nc3 Bb4 4. Qc2 b6 5. a3 Bxc3+ 6. Qxc3
Bb7 7. Nf3 d6 8. g3 Nbd7 9. Bg2 O-O 10. O-O Qe7 11. Bg5 h6
12. Bxf6 Nxf6 13. Nd2 Bxg2 14. Kxg2 c5 15. Nf3 Rac8 16. Rac1
Rc7 17. Rc2 Rfc8 18. Rfc1 cxd4 19. Nxd4 d5 20. Qd3 dxc4
21. Rxc4 Rxc4 22. Rxc4 Qb7+ 23. f3 Rd8 24. Qc3 Nd5 25. Qc1 Qa6
26. Rc2 Qa4 27. Nc6 Re8 28. Kf2 b5 29. Rc5 Kf8 30. e3 a6
31. Nd4 b4 32. Rc4 a5 33. axb4 Nxb4 34. Ke2 e5 35. Nf5 Qd7
36. e4 Nd3 37. Qc3 Rd8 38. Ne3 Qh3 39. Nd5 Nxb2 40. Qa3+ Kg8
41. Qxa5 Qg2+ 42. Ke1 Nd3+ 43. Kd1 Rb8 44. Rc8+ Rxc8 45. Ne7+
Kh7 46. Nxc8 Qxf3+ 47. Kd2 Nf2 0-1

[Event "Bergen Chess International"]
[Site "Bergen NOR"]
[Date "2001.08.04"]
[EventDate "2001.08.04"]
[Round "1"]
[Result "1-0"]
[White "Per Erik Manne"]
[Black "Arn Tore Haugsdal"]
[WhiteElo "2386"]
[BlackElo "2144"]
[PlyCount "94"]

1. d4 Nf6 2. Nf3 c5 3. d5 b5 4. Bg5 Bb7 5. Bxf6 exf6 6. c4 Bd6
7. Nc3 bxc4 8. e3 Qb6 9. Bxc4 O-O 10. O-O Bc7 11. Qd3 d6
12. a3 Nd7 13. Bb5 Bc8 14. Na4 Qa5 15. Rfb1 Rb8 16. Nc3 Bd8
17. b4 Qc7 18. Bc6 a6 19. Na4 f5 20. Rb3 cxb4 21. axb4 Bf6
22. Rc1 Nb6 23. Rbb1 Qe7 24. Nxb6 Rxb6 25. Nd2 g6 26. Nc4 Rb8
27. Qa3 h5 28. b5 axb5 29. Qxd6 bxc4 30. Qxb8 Be5 31. Qb4 Qh4
32. g3 Qh3 33. Qxc4 f4 34. exf4 Bg4 35. Qf1 Bd6 36. Qxh3 Bxh3
37. f3 h4 38. Kf2 Bf5 39. Rb3 Rc8 40. Ke3 Rc7 41. Rb7 hxg3
42. hxg3 Kf8 43. Kd4 Rc8 44. Ra1 Kg7 45. Raa7 Rf8 46. Bd7 Bb8
47. Ra6 Bc2 1-0

[Event "Bergen Chess International"]
[Site "Bergen NOR"]
[Date "2001.08.04"]
[EventDate "2001.08.04"]
[Round "1"]
[Result "0-1"]
[White "Ole Johan Valaker"]
[Black "Sverre Heim"]
[WhiteElo "2134"]
[BlackElo "2371"]
[PlyCount "78"]

1. d4 d5 2. Nf3 Nc6 3. Bg5 Bg4 4. Nbd2 f6 5. Bf4 e6 6. c3 Bd6
7. Bxd6 Qxd6 8. e4 Nge7 9. exd5 exd5 10. Bd3 O-O-O 11. O-O g5
12. Qc2 h5 13. b4 Kb8 14. a4 h4 15. a5 Nc8 16. b5 N6e7 17. Qa2
Bf5 18. Ne1 g4 19. Nb3 b6 20. Bxf5 Nxf5 21. Nd3 Qd7 22. Nb4
Nfe7 23. Rfe1 Rde8 24. Qa4 h3 25. g3 Ka8 26. Na6 Nf5 27. c4
Nfd6 28. cxd5 Rxe1+ 29. Rxe1 Re8 30. Rc1 Re7 31. Nd2 Qxb5
32. Qxb5 Nxb5 33. axb6 Nxb6 34. Nb3 Nxd5 35. Kf1 Ndc3 36. Re1
Rxe1+ 37. Kxe1 Ne4 38. Ke2 Ng5 39. Nbc5 Nf3 0-1

[Event "Bergen Chess International"]
[Site "Bergen NOR"]
[Date "2001.08.04"]
[EventDate "2001.08.04"]
[Round "1"]
[Result "0-1"]
[White "Joanna Dworakowska"]
[Black "Carl Fredrik Ekeberg"]
[WhiteElo "2350"]
[BlackElo "2117"]
[PlyCount "76"]

1. e4 c5 2. Nf3 Nc6 3. d4 cxd4 4. Nxd4 Nf6 5. Nc3 e5 6. Ndb5
d6 7. Bg5 a6 8. Na3 b5 9. Bxf6 gxf6 10. Nd5 Bg7 11. c3 f5
12. exf5 Bxf5 13. Nc2 Be6 14. g3 O-O 15. Bg2 Rb8 16. O-O a5
17. Qe2 f5 18. Rfd1 e4 19. f4 Bxd5 20. Rxd5 Qb6+ 21. Kh1 Ne7
22. Rd2 b4 23. Rad1 d5 24. Ne3 bxc3 25. bxc3 Rbc8 26. Nxd5
Nxd5 27. Rxd5 Rxc3 28. Bh3 Rc5 29. Rd7 Qc6 30. Qe3 Rc3 31. Qa7
Qh6 32. Qxa5 Rxg3 33. Bxf5 Rd3 34. R7xd3 exd3 35. Bxd3 Qc6+
36. Kg1 Bd4+ 37. Kf1 Qf3+ 38. Ke1 Qf2+ 0-1

[Event "Bergen Chess International"]
[Site "Bergen NOR"]
[Date "2001.08.04"]
[EventDate "2001.08.04"]
[Round "1"]
[Result "0-1"]
[White "Victor Hansen"]
[Black "Kjetil A Lie"]
[WhiteElo "2086"]
[BlackElo "2347"]
[PlyCount "44"]

1. c4 g6 2. g3 Bg7 3. Bg2 e5 4. Nc3 Ne7 5. Nf3 Nbc6 6. O-O O-O
7. Rb1 a5 8. a3 f5 9. d3 d6 10. Qc2 f4 11. b4 axb4 12. axb4
Bg4 13. e3 Qd7 14. b5 Nd8 15. Ne2 Ne6 16. Bb2 Bxf3 17. Bxf3
Ng5 18. Bxb7 f3 19. Bxf3 Rxf3 20. Nc3 Qg4 21. Nd5 Nxd5
22. cxd5 Raf8 0-1

[Event "Bergen Chess International"]
[Site "Bergen NOR"]
[Date "2001.08.04"]
[EventDate "2001.08.04"]
[Round "1"]
[Result "1-0"]
[White "John Arni Nilssen"]
[Black "Miitrei Sorsa"]
[WhiteElo "2333"]
[BlackElo "2111"]
[PlyCount "93"]

1. d4 Nf6 2. c4 c5 3. d5 b5 4. cxb5 a6 5. b6 Qxb6 6. Nc3 d6
7. a4 g6 8. a5 Qb7 9. e4 Bg7 10. Bc4 O-O 11. Nf3 Bg4 12. h3
Bxf3 13. Qxf3 Nbd7 14. Qd1 Ne8 15. O-O Nc7 16. f4 Nb5 17. Qd3
Nd4 18. Ra3 Rfb8 19. Kh1 Kh8 20. Ne2 Qa7 21. b3 Nf8 22. Bb2
Nxe2 23. Bxg7+ Kxg7 24. Qxe2 Qb7 25. Ra2 Rd8 26. e5 Kg8
27. Qf3 Ra7 28. f5 dxe5 29. fxg6 Nxg6 30. Qxf7+ Kh8 31. Qf2
Qc7 32. Qe3 Rg8 33. d6 exd6 34. Bxg8 Kxg8 35. Rd2 Nf4 36. Qf3
Qe7 37. g3 Ne6 38. Qd5 Rd7 39. Rdf2 Kg7 40. h4 Nd8 41. Rf5 Ne6
42. Qe4 Qe8 43. Rf6 Re7 44. Qg4+ Kh8 45. Kh2 Qg8 46. Qd1 Rg7
47. Qxd6 1-0

[Event "Bergen Chess International"]
[Site "Bergen NOR"]
[Date "2001.08.04"]
[EventDate "2001.08.04"]
[Round "1"]
[Result "1-0"]
[White "Sebastian Schmidt-Schaeffer"]
[Black "Alexander R Flaata"]
[WhiteElo "2323"]
[BlackElo "2097"]
[PlyCount "43"]

1. e4 c5 2. Nf3 Nc6 3. d4 cxd4 4. Nxd4 g6 5. Nxc6 bxc6 6. Qd4
Nf6 7. e5 Nd5 8. e6 f6 9. exd7+ Bxd7 10. Bc4 Qb6 11. Qd1 Qb4+
12. Nd2 Bh6 13. Be2 e5 14. O-O O-O 15. g3 Bh3 16. Re1 Rad8
17. c3 Nxc3 18. bxc3 Qxc3 19. Qb3+ Qxb3 20. Nxb3 Bg7 21. Bc4+
Kh8 22. Ba3 1-0

[Event "Bergen Chess International"]
[Site "Bergen NOR"]
[Date "2001.08.04"]
[EventDate "2001.08.04"]
[Round "1"]
[Result "0-1"]
[White "Jolanta Guzik"]
[Black "Kristian Trygstad"]
[WhiteElo "2095"]
[BlackElo "2323"]
[PlyCount "84"]

1. c4 Nf6 2. Nc3 g6 3. g3 Bg7 4. Bg2 d6 5. e3 e5 6. Nge2 Nc6
7. d3 Be6 8. Nd5 Qd7 9. Rb1 Rc8 10. h3 Nd8 11. b4 c6 12. Nxf6+
Bxf6 13. b5 O-O 14. a4 d5 15. bxc6 Nxc6 16. cxd5 Bxd5 17. Bxd5
Qxd5 18. O-O Rfd8 19. Rxb7 Nd4 20. exd4 Qxb7 21. dxe5 Bxe5
22. d4 Bg7 23. Be3 Rc4 24. a5 Qd7 25. Kh2 Ra4 26. Qd2 Qf5
27. Rc1 Qxa5 28. Qd3 Ra1 29. Rxa1 Qxa1 30. Qc4 Qa5 31. Nf4 Rd7
32. Qc8+ Qd8 33. Qc5 a5 34. Ne2 h5 35. Qb5 h4 36. gxh4 Rd5
37. Qb7 a4 38. Qb4 Qa5 39. Qc4 Rd7 40. Qc8+ Rd8 41. Qc4 a3
42. Nc1 Qd5 0-1

[Event "Bergen Chess International"]
[Site "Bergen NOR"]
[Date "2001.08.04"]
[EventDate "2001.08.04"]
[Round "1"]
[Result "0-1"]
[White "Joanna Zimny"]
[Black "Saevar Bjarnason"]
[WhiteElo "2087"]
[BlackElo "2281"]
[PlyCount "154"]

1. d4 Nf6 2. Nf3 e6 3. Bg5 d5 4. e3 Be7 5. Bd3 O-O 6. Nbd2 b6
7. c3 Ba6 8. Bxa6 Nxa6 9. Ne5 Qe8 10. O-O c5 11. Qe2 Nb8
12. Rad1 Nc6 13. f4 Rc8 14. Rf3 Ne4 15. Bxe7 Nxe7 16. Nxe4
dxe4 17. Rf2 f6 18. Nc4 Qc6 19. dxc5 Qxc5 20. Nd6 Rcd8
21. Nxe4 Rxd1+ 22. Qxd1 Qxe3 23. Qe2 Qxe2 24. Rxe2 Rd8 25. Nd2
Kf7 26. Kf2 h6 27. Nf3 Nd5 28. g3 g5 29. Nd4 Re8 30. Nb5 Rd8
31. Nd4 Nc7 32. Kf3 Rd5 33. a3 b5 34. Re4 a6 35. Re3 Rd6
36. Re2 Nd5 37. Re4 Nb6 38. Re2 Nc4 39. Kf2 Rb6 40. Nb3 a5
41. Nc5 Rc6 42. Nb3 e5 43. fxe5 fxe5 44. Kf3 a4 45. Nc1 Nxb2
46. Rxb2 Rxc3+ 47. Ke4 Rxc1 48. Rxb5 Rc3 49. Kxe5 Rxa3
50. Rb7+ Kg6 51. g4 Re3+ 52. Kd4 Rh3 53. Ra7 Rxh2 54. Ra6+ Kg7
55. Rxa4 Rf2 56. Ke5 Rf6 57. Ra7+ Kg6 58. Ra4 Rf1 59. Ra6+ Kg7
60. Ra7+ Rf7 61. Ra4 h5 62. Rb4 hxg4 63. Rxg4 Kg6 64. Ke4 Kh5
65. Rg1 g4 66. Ke3 Kh4 67. Rh1+ Kg3 68. Rg1+ Kh3 69. Rh1+ Kg2
70. Rh6 g3 71. Ke2 Re7+ 72. Kd2 Kg1 73. Rg6 g2 74. Rg8 Re4
75. Kd3 Rh4 76. Ke3 Kh1 77. Kf2 Rh2 0-1

[Event "Bergen Chess International"]
[Site "Bergen NOR"]
[Date "2001.08.04"]
[EventDate "2001.08.04"]
[Round "1"]
[Result "0-1"]
[White "Stig K Martinsen"]
[Black "Svein Johannessen"]
[WhiteElo "2076"]
[BlackElo "2269"]
[PlyCount "74"]

1. d4 Nf6 2. Nf3 d6 3. Nc3 Bf5 4. Bg5 Nbd7 5. Nh4 Bg6 6. Nxg6
hxg6 7. e4 e6 8. Qd2 Be7 9. Be2 c6 10. f4 Ng8 11. Bxe7 Nxe7
12. O-O-O d5 13. g4 Qc7 14. e5 O-O-O 15. Bf1 a6 16. Rg1 c5
17. h3 Kb8 18. dxc5 Nxc5 19. Qe1 Rc8 20. Rd2 Qa5 21. Kb1 Rc7
22. Bg2 Rhc8 23. Ne2 Na4 24. Nd4 Qb6 25. Nb3 Nc5 26. Nxc5 Rxc5
27. Qf2 Nc6 28. Rc1 Na5 29. Bf1 Ka7 30. c3 R5c7 31. Qxb6+ Kxb6
32. Rd4 Nc6 33. Rd2 g5 34. fxg5 Nxe5 35. Rf2 Kc5 36. b3 Kd6
37. Be2 Rxc3 0-1

[Event "Bergen Chess International"]
[Site "Bergen NOR"]
[Date "2001.08.04"]
[EventDate "2001.08.04"]
[Round "1"]
[Result "0-1"]
[White "Terje Karlsen"]
[Black "Arnar Gunnarsson"]
[WhiteElo "2068"]
[BlackElo "2263"]
[PlyCount "80"]

1. e4 c5 2. Nf3 d6 3. d4 cxd4 4. Nxd4 Nf6 5. Nc3 e6 6. Be3 a6
7. Bc4 Nc6 8. Bb3 Bd7 9. O-O Be7 10. Kh1 O-O 11. f4 b5 12. f5
Nxd4 13. Qxd4 Qc7 14. a3 Ng4 15. fxe6 fxe6 16. Bf4 Kh8 17. Bg3
Ne5 18. Bxe5 dxe5 19. Qd3 Rad8 20. Rxf8+ Rxf8 21. Rf1 Rf6
22. Rxf6 gxf6 23. h4 Bc8 24. h5 Qc5 25. Nd1 Qd4 26. Qxd4 exd4
27. Nf2 Kg7 28. g4 Kh6 29. Kh2 Bd6+ 30. Kh3 Kg5 31. Nd3 h6
32. c3 dxc3 33. bxc3 Bxa3 34. Bd1 Bd6 35. Kg2 Bb7 36. Bf3 a5
37. Kf2 Be5 38. Nxe5 fxe5 39. Kg3 a4 40. c4 a3 0-1

[Event "Bergen Chess International"]
[Site "Bergen NOR"]
[Date "2001.08.04"]
[EventDate "2001.08.04"]
[Round "1"]
[Result "0-1"]
[White "Havard Holder"]
[Black "Thomas Johansson"]
[WhiteElo "2027"]
[BlackElo "2250"]
[PlyCount "94"]

1. e4 c5 2. Nc3 Nc6 3. f4 e6 4. Nf3 a6 5. d4 cxd4 6. Nxd4 Qb6
7. Nb3 Bb4 8. Qg4 g6 9. Bd2 Nf6 10. Qf3 d5 11. exd5 exd5
12. O-O-O O-O 13. Nxd5 Nxd5 14. Qxd5 Bg4 15. Re1 Rad8 16. Qc4
Bxd2+ 17. Nxd2 Rd4 18. Qc3 Nb4 19. Bc4 Rfd8 20. a3 Rxd2
21. axb4 Qf2 22. Re8+ Rxe8 23. Qxd2 Qxd2+ 24. Kxd2 Re4 25. b3
b5 26. Bd3 Rxf4 27. c4 Rf2+ 28. Ke3 Rxg2 29. cxb5 axb5
30. Bxb5 Rb2 31. Bc4 Kf8 32. Ra1 Rxh2 33. b5 Rh3+ 34. Kf4 Bf3
35. Ra7 Bh1 36. b6 Rf3+ 37. Ke5 Rf5+ 38. Kd4 Rf4+ 39. Kd3 Rf6
40. b7 Rd6+ 41. Ke3 Rd8 42. Ra8 Rxa8 43. bxa8=Q+ Bxa8 44. b4
Ke7 45. b5 f6 46. b6 Bb7 47. Bg8 h5 0-1

[Event "Bergen Chess International"]
[Site "Bergen NOR"]
[Date "2001.08.04"]
[EventDate "2001.08.04"]
[Round "1"]
[Result "1-0"]
[White "Kjetil Stokke"]
[Black "Bosse Lindberg"]
[WhiteElo "2016"]
[BlackElo "2248"]
[PlyCount "109"]

1. c4 Nf6 2. g3 e6 3. Bg2 d5 4. Nf3 Be7 5. O-O O-O 6. d4 b6
7. Nc3 Bb7 8. Ne5 Na6 9. Qa4 Qe8 10. Qxe8 Rfxe8 11. cxd5 exd5
12. Bf4 Rad8 13. Nb5 Ra8 14. Rac1 c5 15. dxc5 Bxc5 16. Bf3 Ne4
17. Nd3 Bc6 18. Nxc5 Bxb5 19. Nxa6 Bxa6 20. Rfd1 Nc5 21. Be3
Rad8 22. Bxc5 bxc5 23. Rxc5 d4 24. Rd2 d3 25. exd3 Rxd3
26. Rxd3 Bxd3 27. h4 g6 28. Rc7 Re1+ 29. Kg2 a6 30. Bd5 Be4+
31. Bxe4 Rxe4 32. Rc6 Re2 33. Rb6 Kf8 34. a4 a5 35. Rb5 Ke7
36. b3 Rb2 37. g4 h6 38. Kg3 Ke6 39. f3 Kf6 40. Kf4 Ke6 41. h5
gxh5 42. gxh5 Kf6 43. Ke4 Ke6 44. Kd4 Ke7 45. Kc4 Rc2+ 46. Kd4
Rd2+ 47. Kc5 Rd3 48. f4 Rf3 49. Kb6 Rxf4 50. Rxa5 f5 51. Rb5
Ke6 52. a5 Rd4 53. a6 f4 54. a7 Rd8 55. Ra5 1-0

[Event "Bergen Chess International"]
[Site "Bergen NOR"]
[Date "2001.08.04"]
[EventDate "2001.08.04"]
[Round "1"]
[Result "1-0"]
[White "Yves Miellet-Bensan"]
[Black "Henrik Sorensen"]
[WhiteElo "2243"]
[BlackElo "2245"]
[PlyCount "59"]

1. e4 c5 2. Nc3 d6 3. f4 Nc6 4. Nf3 g6 5. Bc4 Bg7 6. O-O Na5
7. Bb5+ Bd7 8. Qe2 Nh6 9. a4 O-O 10. h3 f6 11. d4 cxd4
12. Nxd4 a6 13. Bxd7 Qxd7 14. f5 Nf7 15. Nd5 Rab8 16. Ne6 Rfe8
17. b4 gxf5 18. Nxg7 Kxg7 19. bxa5 fxe4 20. Qxe4 Kh8 21. Ra3
Ne5 22. Rf4 Rg8 23. Rh4 Ng6 24. Rh5 Rbc8 25. Rg3 Qe8 26. Bb2
Qf7 27. Nxe7 Ne5 28. Rxg8+ Rxg8 29. Nxg8 Qxh5 30. Nxf6 1-0

[Event "Bergen Chess International"]
[Site "Bergen NOR"]
[Date "2001.08.04"]
[EventDate "2001.08.04"]
[Round "1"]
[Result "0-1"]
[White "Anita Gronnestad"]
[Black "Torbjorn Ringdal Hansen"]
[WhiteElo "2007"]
[BlackElo "2244"]
[PlyCount "128"]

1. e4 c6 2. d4 d5 3. e5 Bf5 4. Be2 e6 5. Nf3 Nd7 6. O-O Ne7
7. c3 Bg4 8. Nbd2 Nf5 9. Re1 Be7 10. h3 h5 11. Nf1 Bxf3
12. Bxf3 h4 13. Bg4 g6 14. Nh2 Qb6 15. Be2 c5 16. Nf3 Rc8
17. b3 cxd4 18. Nxd4 Rxc3 19. Bb2 Qxd4 20. Qxd4 Nxd4 21. Bxc3
Nc2 22. Rec1 Nxa1 23. Bxa1 Bd8 24. Bb2 a6 25. Kf1 Nb6 26. f4
Kd7 27. Kf2 Nc8 28. Kf3 Ne7 29. Bd3 Bb6 30. a4 Nc6 31. Kg4 Be3
32. Rd1 Bf2 33. Kg5 Rh5+ 34. Kg4 Bg3 35. Bb1 Ne7 36. Bc2 Rh8
37. Kf3 Rc8 38. Bb1 Nf5 39. Rd2 Be1 40. Rd1 Bc3 41. Ba3 f6
42. exf6 Bxf6 43. Kf2 Bd4+ 44. Ke2 Bb6 45. Bb2 Ne3 46. Rd2
Nxg2 47. Kf3 Ne3 48. Re2 Nf5 49. Rg2 Rg8 50. Bxf5 exf5 51. Bf6
Ke6 52. Bxh4 Kf7 53. Rd2 Rh8 54. Bg3 d4 55. Kg2 Re8 56. Bf2
Re4 57. Kf3 Ke6 58. Rd1 Kd5 59. Rc1 Bc5 60. h4 Bd6 61. Rd1
Rxf4+ 62. Ke2 Be5 63. Rg1 Rg4 64. Rc1 Bg3 0-1